Vyvoj hypotekarneho bankovnictva za poslednych 20 rokov bakalárska práca

Uložené v:
Podrobná bibliografia
Hlavný autor: Kuboleková, Miroslava
Korporativný autor: Národohospodárska fakulta EU. Katedra bankovníctva a medzinárodných financií
Ďalší autori: Ďurech, Richard
Médium: Kniha
Jazyk:Slovak
Vydavateľské údaje: Bratislava 2014
Tagy: Pridať tag
Žiadne tagy, Buďte prvý, kto otaguje tento záznam!

MARC

LEADER 00000nbm a2200000 4500
001 0189366
005 20170201085327.0
041 0 |a slo 
044 |a SK 
245 1 0 |a Vyvoj hypotekarneho bankovnictva za poslednych 20 rokov  |b bakalárska práca  |c Miroslava Kuboleková ; školiteľ: Richard Ďurech 
264 1 |a Bratislava  |c 2014 
300 |a 40 s. 
100 1 |a Kuboleková, Miroslava 
700 1 |a Ďurech, Richard 
710 2 |a Národohospodárska fakulta EU. Katedra bankovníctva a medzinárodných financií